00640nam a22001937a 4500003000200000005001700002008004100019020002200060050002400082100002200106245005500128260003700183300005400220504005200274650002400326650004100350700003000391700002500421020250318160842.0250318b xxu||||| |||| 00| 0 eng d a978-1-266-96271-4 aHG 4026b.R823 2024 aRoss, Stephen A.  aFundamentals of corporate financecStephen A. Ross aNew York bMcGraw Hill LLCc2024 aix, 919 pages :bcolored illustrations ; c26cm.  aIncludes bibliographical references and index.  aCorporate finance.  aCorporate Finance, Fundamentals of.  aWesterfield, Randolph W.  aJordan, Bradford D.